000 01648nam a2200349 c 4500
999 _c132515
_d132515
003 BLK
005 20200716132220.0
008 180409b bul|||||r ||||||| ||bul||
010 _aKNG00138384000
040 _aBLK
041 _aBUL
_cBUL
080 _aСтрелково оръжие. Картечници. Хладно оръжие. Средства за защита.
_b623.44
_z623.44
100 1 _aБолотин, Давид Наумович
_eпърви автор
_9323315
139 _aБолотин, Давид Наумович
_bБ 61
245 1 0 _aСъветското стрелково оръжие
_bИзследване
_cДавид Наумович Болотин; прев. от рус. Георги Рачев.
257 _aSUN
260 _aСофия
_bВоен. изд.
_c1984
300 _a216 с.
_bс ил., табл., 8 л. ил., портр.
_c21 см
380 _a62
490 1 _aВ света на военната техника
500 _aОриг. загл. Советское стрелковое оружие / Д. Н. Болотин. - 2 430 тир. - Библиогр. с. 213-214 и под линия.
650 4 _aСтрелково оръжие
_9263083
650 4 _aОръжие, огнестрелно
_9323316
653 _aстрелково оръжие
653 _aогнестрелни оръжия
700 1 _aРачев, Георги
_eпрев. от рус.
_9367672
852 _aЦб 126071
856 4 _qpdf
856 4 _qpdf
942 _cKNG
_n0
_s1
944 _aCR
_c24.01.2013
_l24.01.2013 - от С1,Р / 24.01.2013
_kКина_Георгиева
944 _aED
_c24.01.2013
_l24.01.2013 - от С1,Р / 24.01.2013
999 _d132515